000 01176nam a22003497a 4500
003 CHAP
005 20220817042928.0
008 971013s1995 r 00010 d
010 _a60158
011 _a61130
035 _a65294
040 _cCHAP
082 _a632
_bP42
100 0 0 _aPedroza Sandoval, Aurelio.
_986574
245 _aEpidemiología agrícola
_b: principios y aplicaciones
260 _aBermejillo, Dgo. :
_bUACH. Departamento de Zonas Aridas,
_c1995
300 _a103 p.
_b: ilus.
590 _aBATCH-UPD
_b10
_c20130109
_lUCH01
_h2318
590 _aBATCH-UPD
_b10
_c20130110
_lUCH01
_h1946
590 _aBATCH-UPD
_b10
_c20130409
_lUCH01
_h1840
590 _aBATCH-UPD
_b10
_c20130410
_lUCH01
_h1308
590 _aBATCH-UPD
_b10
_c20130914
_lUCH01
_h1120
590 _aCONVERSION
_b10
_c20130109
_lUCH01
_h1332
650 1 4 _aCultivos
_xEnfermedades.
_930262
650 1 4 _aEpidemiología.
650 1 4 _aFitopatología.
_941161
650 1 4 _aInteracción huésped-parásito.
_959512
901 _aBK
942 _cLIBRO
949 _a632 P42
_bBC
_cLIBRO
_d33724000615431
_eLIBRO
_h90448
_i65294
_si
949 _a632 P42
_bBC
_cUACH
_d-145303
_eUACH
_fc.2
_h90449
_i65294
_si
999 _c60158
_d60158